000 00550nam a2200205 a 4500
001 9267
003 CO-ViMGA
008 141112s2004 ck r 000 u spa d
040 _aCO-ViMGA
_bspa
_cCO-ViMGA
082 0 4 _aMEVIGACOM.3 A283
100 1 _aAguilar Peña ; Juan D.,
_99958
245 1 0 _aSimulación electronica con PSPICE.
260 _aMexico :
_bAlfaomega,
_c1998.
300 _a724p. : il.
650 1 4 _aCIRCUITOS
_93927
650 1 4 _aINSTALACION
_99959
650 1 4 _aPSPICE
_93641
650 1 4 _aSEMICONDUCTORES
_99960
942 _2ddc
_cBK
999 _c20801
_d20801